Catálogo público

Principles and procedures of statiscal; with special reference to the biological sciences / (Record no. 204359)

MARC details
000 -CABECERA
campo de control de longitud fija 00763nam a2200265Ia 4500
001 - NÚMERO DE CONTROL
campo de control Para_5886
003 - IDENTIFICADOR DEL NÚMERO DE CONTROL
campo de control CHAP
008 - DATOS DE LONGITUD FIJA--INFORMACIÓN GENERAL
campo de control de longitud fija 220125s1960 xx 000 0 und d
010 ## - NÚMERO DE CONTROL DE LA BIBLIOTECA DEL CONGRESO
Número de control de LC 204359
040 ## - FUENTE DE LA CATALOGACIÓN
Centro/agencia transcriptor CHAP
082 ## - NÚMERO DE LA CLASIFICACIÓN DECIMAL DEWEY
Número de clasificación PA 519.5 S8
100 ## - ENTRADA PRINCIPAL--NOMBRE DE PERSONA
Nombre de persona Steel, Robert George Douglas
9 (RLIN) 109567
245 ## - MENCIÓN DE TÍTULO
Título Principles and procedures of statiscal; with special reference to the biological sciences /
Mención de responsabilidad, etc. (by) R.G.D.S, and James H. Torrie
260 ## - PUBLICACIÓN, DISTRIBUCIÓN, ETC.
Lugar de publicación, distribución, etc. New York :
Nombre del editor, distribuidor, etc. McGraw Hill
300 ## - DESCRIPCIÓN FÍSICA
Extensión 481 p.
650 ## - PUNTO DE ACCESO ADICIONAL DE MATERIA--TÉRMINO DE MATERIA
Término de materia o nombre geográfico como elemento de entrada Estadística
9 (RLIN) 38241
700 ## - PUNTO DE ACCESO ADICIONAL--NOMBRE DE PERSONA
Nombre de persona Torrie, James H
9 (RLIN) 170272
901 ## - ELEMENTOS DE DATOS A LOCAL LDA (RLIN)
a PA 519.5 S8
902 ## - ELEMENTOS DE DATOS B LOCAL, LDB (RLIN)
a A
905 ## - ELEMENTOS DE DATOS E LOCAL, LDE (RLIN)
a 0000001960 0000000000 00
910 ## - DATOS DE OPCIÓN DEL USUARIO (OCLC)
Datos de opción del usuario 1960
942 ## - ELEMENTOS DE PUNTO DE ACCESO ADICIONAL (KOHA)
Tipo de ítem Koha Parasitologia_
942 ## - ELEMENTOS DE PUNTO DE ACCESO ADICIONAL (KOHA)
Tipo de ítem Koha Parasitologia_
-- 1
Holdings
Estado de retiro Estado de pérdida Fuente del sistema de clasificación o colocación Estado dañado Restricciones de uso No para préstamo Código de colección Localización permanente Ubicación/localización actual Fecha de adquisición Información codificada de la localización en otra ubicación Número de inventario Total de préstamos Signatura topográfica completa Código de barras Fecha visto por última vez Fecha del último préstamo Número de copia Precio válido a partir de Tipo de ítem Koha Nota pública
    Dewey Decimal Classification   Préstamo 3 días   General Parasitologia Agricola Parasitologia Agricola 27/10/2005 PARA (PA_3349) (No. UACh C/E) 1 PA 519.5 S8 4102000142 19/06/2023 19/06/2023 Ej.2 25/01/2022 Libro 3
    Dewey Decimal Classification   Préstamo interno   General Parasitologia Agricola Parasitologia Agricola 27/10/2005 PARA (PA_3348) (No. UACh C/E)   PA 519.5 S8 4102000141 25/01/2022   Ej.1 25/01/2022 Libro 3